[Event "2021 FIDE Online Olympiad"]
[Site "Chess.com"]
[Date "2021.09.02"]
[Round "2"]
[Board "5"]
[White "Nouri, Alekhine"]
[Black "Winkelman, Albert"]
[Result "0-1"]
[WhiteElo "2082"]
[BlackElo "2257"]
[PlyCount "50"]
[EventDate "2021.09.02"]
[EventType "team"]
[EventRounds "9"]
[EventCountry "FID"]
[WhiteTeam "Philippines"]
[BlackTeam "Australia"]

1. e4  e5  2. Nf3  Nc6  3. d4  exd4  4. Nxd4  Nf6  5. Nxc6  bxc6  6. e5  Qe7  7. Qe2  Nd5  8. h4  Qe6  9. Nd2  Nb4  10. Nf3  Ba6  11. Qd1  Bxf1  12. Kxf1  Qc4+  13. Kg1  Qxc2  14. Qd4  Bc5  15. Qg4  Nd3  16. Be3  Bxe3  17. fxe3  Nf2  18. Qxg7  O-O-O  19. Rh2  Rhg8  20. Qxf7  Ng4  21. e6  Nxh2  22. exd7+  Kb8  23. Ne1  Qxb2  24. Rd1  Ng4  25. Qxh7  Qf2+   0-1

[Event "2021 FIDE Online Olympiad"]
[Site "Chess.com"]
[Date "2021.09.02"]
[Round "2"]
[Board "6"]
[White "Middleton, Jody"]
[Black "San Diego, Jerlyn Mae"]
[Result "0-1"]
[WhiteElo "1850"]
[BlackElo "1670"]
[PlyCount "70"]
[EventDate "2021.09.02"]
[EventType "team"]
[EventRounds "9"]
[EventCountry "FID"]
[WhiteTeam "Australia"]
[BlackTeam "Philippines"]

1. d4  g6  2. c4  Bg7  3. e4  c5  4. d5  d6  5. Bd3  Nf6  6. Nc3  O-O  7. h3  e5  8. Nf3  Nbd7  9. O-O  h6  10. Be3  Nh5  11. Qd2  g5  12. Be2  Nf4  13. Bd1  Nb6  14. b3  f5  15. Kh2  Qf6  16. Rc1  g4  17. hxg4  fxg4  18. g3  gxf3  19. Bxf4  exf4  20. Bxf3  Qg5  21. Qe2  Be5  22. g4  h5  23. Rg1  hxg4  24. Rg2  g3+  25. Kg1  Bh3  26. fxg3  Bxg2  27. Qxg2  fxg3  28. Rc2  Qe3+  29. Kf1  Rxf3+  30. Qxf3  Qxf3+  31. Ke1  Bxc3+  32. Rxc3  Qxc3+  33. Ke2  Rf8  34. e5  Rf2+  35. Kd1  Qd2#   0-1

[Event "2021 FIDE Online Olympiad"]
[Site "Chess.com"]
[Date "2021.09.02"]
[Round "3"]
[Board "1"]
[White "Kuybokarov, Temur"]
[Black "Song, Raymond"]
[Result "1-0"]
[WhiteElo "2134"]
[BlackElo "2254"]
[PlyCount "93"]
[EventDate "2021.09.02"]
[EventType "team"]
[EventRounds "9"]
[EventCountry "FID"]
[WhiteTeam "Australia"]
[BlackTeam "Chinese Taipei"]

1. e4  c6  2. d4  d5  3. e5  Bf5  4. Nf3  e6  5. Be2  c5  6. Be3  Qb6  7. Nc3  Nc6  8. O-O  Qxb2  9. Qe1  cxd4  10. Bxd4  Nxd4  11. Nxd4  Bb4  12. Rb1  Bxc3  13. Rxb2  Bxe1  14. Rxe1  b6  15. h4  h5  16. Nxf5  exf5  17. c4  Ne7  18. Rd2  O-O-O  19. Red1  d4  20. f4  Ng6  21. g3  Nf8  22. Rxd4  Rxd4  23. Rxd4  Ne6  24. Rd6  g6  25. Bf3  Rd8  26. Rc6+  Kd7  27. Bd5  Rc8  28. Rd6+  Ke7  29. Kf2  Rc5  30. a4  Ra5  31. Bc6  Nc5  32. Rd5  Ra6  33. Ke3  Ra5  34. Kd4  Ne6+  35. Kc3  Nc5  36. Kb4  Na6+  37. Kb3  Nc5+  38. Ka3  Kf8  39. Bb5  Ne4  40. Rd8+  Kg7  41. Kb4  a6  42. Bc6  Nxg3  43. Rb8  Rc5  44. Rxb6  Rxc6  45. Rxc6  Ne2  46. Rd6  Nxf4  47. c5   1-0

[Event "2021 FIDE Online Olympiad"]
[Site "Chess.com"]
[Date "2021.09.02"]
[Round "3"]
[Board "2"]
[White "Liu, Yeh Yang"]
[Black "Chan, Luis"]
[Result "1-0"]
[WhiteElo "2004"]
[BlackElo "1777"]
[PlyCount "93"]
[EventDate "2021.09.02"]
[EventType "team"]
[EventRounds "9"]
[EventCountry "FID"]
[WhiteTeam "Chinese Taipei"]
[BlackTeam "Australia"]

1. e4  e6  2. d4  d5  3. Nc3  Bb4  4. a3  Bxc3+  5. bxc3  dxe4  6. Qg4  Nf6  7. Qxg7  Rg8  8. Qh6  Rg6  9. Qd2  c5  10. Ne2  Nc6  11. Nf4  Rg8  12. Bb5  Bd7  13. O-O  Qa5  14. Rb1  O-O-O  15. Rd1  e5  16. Ne2  exd4  17. cxd4  Qxd2  18. Rxd2  Nxd4  19. Nxd4  cxd4  20. Bc4  Bc6  21. Bxf7  Rg7  22. Be6+  Kb8  23. g3  Re7  24. Bh3  e3  25. fxe3  Rxe3  26. Rf2  Re1+  27. Bf1  Re6  28. Bg5  Rf8  29. Bc4  Rd6  30. Rbf1  a6  31. Bxf6  Ka7  32. Bd3  Rc8  33. Rf4  Ka8  34. Bxd4  Ba4  35. Rf8  Rdd8  36. Rxd8  Rxd8  37. Bb6  Re8  38. Bxh7  Kb8  39. Rf7  Bc6  40. Bd3  Kc8  41. Kf2  Bd7  42. h4  Be6  43. Rc7+  Kb8  44. Be4  Bc8  45. Bf3  Re6  46. Rxc8+  Kxc8  47. Bg4   1-0

[Event "2021 FIDE Online Olympiad"]
[Site "Chess.com"]
[Date "2021.09.02"]
[Round "3"]
[Board "3"]
[White "Nguyen, Thu Giang"]
[Black "Chen, Chi"]
[Result "1-0"]
[WhiteElo "2119"]
[BlackElo "1353"]
[PlyCount "47"]
[EventDate "2021.09.02"]
[EventType "team"]
[EventRounds "9"]
[EventCountry "FID"]
[WhiteTeam "Australia"]
[BlackTeam "Chinese Taipei"]

1. e4  e6  2. d4  d5  3. Nd2  Be7  4. Ngf3  c5  5. exd5  cxd4  6. dxe6  Bxe6  7. Bb5+  Bd7  8. Bc4  Nc6  9. O-O  Nf6  10. Nb3  Qc7  11. Nbxd4  Nxd4  12. Qxd4  Rd8  13. Bf4  Qc8  14. Rfe1  Kf8  15. Rxe7  Kxe7  16. Qd6+  Ke8  17. Re1+  Be6  18. Bb5+  Nd7  19. Ng5  Qc5  20. Qxc5  a6  21. Qd6  axb5  22. Rxe6+  fxe6  23. Qxe6+  Kf8  24. Qf7#   1-0

[Event "2021 FIDE Online Olympiad"]
[Site "Chess.com"]
[Date "2021.09.02"]
[Round "3"]
[Board "4"]
[White "Shih, Ching-An"]
[Black "Phan, Nguyen Mai Chi"]
[Result "0-1"]
[WhiteElo "1680"]
[BlackElo "2139"]
[PlyCount "96"]
[EventDate "2021.09.02"]
[EventType "team"]
[EventRounds "9"]
[EventCountry "FID"]
[WhiteTeam "Chinese Taipei"]
[BlackTeam "Australia"]

1. e4  c5  2. Nf3  d6  3. c3  Nf6  4. Qc2  e6  5. Be2  Be7  6. O-O  h6  7. d4  cxd4  8. cxd4  O-O  9. h3  Nc6  10. a3  d5  11. Rd1  Nxe4  12. Bb5  Bd7  13. Nc3  Nxc3  14. Qxc3  Rc8  15. Qb3  Na5  16. Qd3  Bxb5  17. Qxb5  a6  18. Qd3  Bf6  19. Bd2  Nc4  20. Bc3  b5  21. Qe2  Qb6  22. Rac1  a5  23. Qe1  Ra8  24. Ne5  Bxe5  25. dxe5  Rfc8  26. Bd4  Qb7  27. Qe2  Qe7  28. Rc3  Qh4  29. Rg3  Kh8  30. Qf3  Rc7  31. Rg4  Qh5  32. Qg3  Rg8  33. Rd3  g5  34. h4  Rg6  35. hxg5  hxg5  36. Kf1  Kg7  37. f3  Qh1+  38. Ke2  Qc1  39. Rd1  Qc2+  40. Ke1  Nxb2  41. Bxb2  Qxb2  42. Rxg5  Rc2  43. Rxg6+  fxg6  44. Qf4  Re2+  45. Kf1  Qxe5  46. Qh4  g5  47. Qh5  Qe3  48. Rd2  Qf2#   0-1

[Event "2021 FIDE Online Olympiad"]
[Site "Chess.com"]
[Date "2021.09.02"]
[Round "3"]
[Board "5"]
[White "Asaka, Samuel"]
[Black "Bai, Adelard"]
[Result "1/2-1/2"]
[WhiteElo "2254"]
[BlackElo "1720"]
[PlyCount "168"]
[EventDate "2021.09.02"]
[EventType "team"]
[EventRounds "9"]
[EventCountry "FID"]
[WhiteTeam "Australia"]
[BlackTeam "Chinese Taipei"]

1. d4  d5  2. c4  c6  3. Nf3  Nf6  4. e3  Bf5  5. Nc3  e6  6. Nh4  Be4  7. f3  Bg6  8. Qb3  Qc7  9. Bd2  Nbd7  10. cxd5  exd5  11. e4  dxe4  12. Nxg6  hxg6  13. fxe4  O-O-O  14. e5  Nxe5  15. dxe5  Qxe5+  16. Be2  Rxh2  17. Rxh2  Qg3+  18. Kd1  Qxh2  19. Kc2  Rd7  20. Bf3  Qe5  21. Re1  Qf5+  22. Kc1  Bd6  23. Qc4  Qc5  24. Qh4  Be5  25. b4  Qd6  26. Re2  Qd3  27. Qe1  Bd6  28. Ne4  Qc4+  29. Kb1  Qd3+  30. Kc1  Qc4+  31. Kb1  Qd3+  32. Kb2  Be5+  33. Bc3  Bxc3+  34. Nxc3  Qc4  35. a3  Qd4  36. Kb3  Kb8  37. Qg3+  Ka8  38. Qe1  a6  39. Re7  Ka7  40. Rxd7  Nxd7  41. Qe7  Ne5  42. Qc5+  Qxc5  43. bxc5  b6  44. Ne4  bxc5  45. Nxc5  Kb6  46. Ne4  f6  47. Be2  g5  48. Nd6  Ng6  49. Ne8  Nf4  50. Bf1  Nd5  51. Nxg7  Ne3  52. Be2  Nxg2  53. Bf3  Nf4  54. Be4  g4  55. Nf5  Kc5  56. Kc3  Ne6  57. Ne3  Ng5  58. Bd3  g3  59. Bxa6  f5  60. Bf1  f4  61. Ng2  f3  62. Nh4  g2  63. Nxg2  fxg2  64. Bxg2  Ne6  65. a4  Nc7  66. Bxc6  Kxc6  67. a5  Kb5  68. a6  Na8  69. a7  Kc5  70. Kd3  Kd5  71. Ke3  Ke5  72. Kf3  Kf5  73. Ke3  Ke5  74. Kd3  Kd5  75. Ke3  Ke6  76. Kd3  Kd6  77. Kc4  Kc6  78. Kb4  Kb6  79. Ka4  Ka6  80. Kb4  Kb7  81. Kc5  Kc7  82. Kb5  Kb7  83. Ka5  Nc7  84. a8=Q+  Nxa8   1/2-1/2

[Event "2021 FIDE Online Olympiad"]
[Site "Chess.com"]
[Date "2021.09.02"]
[Round "3"]
[Board "6"]
[White "Weng, Yu-Hsin"]
[Black "Cheng, Chao Xin"]
[Result "0-1"]
[WhiteElo "1000"]
[BlackElo "1440"]
[PlyCount "48"]
[EventDate "2021.09.02"]
[EventType "team"]
[EventRounds "9"]
[EventCountry "FID"]
[WhiteTeam "Chinese Taipei"]
[BlackTeam "Australia"]

1. d4  d5  2. Nf3  Nc6  3. c4  Bg4  4. cxd5  Bxf3  5. dxc6  Bxc6  6. Nc3  e6  7. Bf4  Nf6  8. e3  a6  9. f3  Nh5  10. Bg3  Nxg3  11. hxg3  Qg5  12. Kf2  Bd6  13. f4  Qf6  14. e4  O-O-O  15. d5  exd5  16. exd5  Bc5+  17. Kf3  Rhe8  18. Ne4  Rxe4  19. Kxe4  Bxd5+  20. Qxd5  Rxd5  21. Kf3  Qxb2  22. Be2  f5  23. Rhb1  Rd3+  24. Bxd3  Qf2#   0-1

[Event "2021 FIDE Online Olympiad"]
[Site "Chess.com"]
[Date "2021.09.02"]
[Round "3"]
[Board "1"]
[White "Khairallah, Faisal"]
[Black "Bersamina, Paulo"]
[Result "0-1"]
[WhiteElo "2226"]
[BlackElo "2286"]
[PlyCount "108"]
[EventDate "2021.09.02"]
[EventType "team"]
[EventRounds "9"]
[EventCountry "FID"]
[WhiteTeam "Lebanon"]
[BlackTeam "Philippines"]

1. d4  Nf6  2. Bg5  g6  3. Bxf6  exf6  4. e3  d5  5. g3  h5  6. h4  Bd6  7. Bg2  c6  8. Ne2  Be6  9. Nd2  Nd7  10. Rc1  O-O  11. c4  dxc4  12. Nxc4  Bb4+  13. Kf1  Nb6  14. Nxb6  Qxb6  15. Nf4  Qa6+  16. Kg1  Qxa2  17. Bf3  Bd6  18. Nxe6  Qxe6  19. d5  cxd5  20. Qxd5  Qxd5  21. Bxd5  Be5  22. Rc2  Rac8  23. Rd2  Rfd8  24. Kg2  Kg7  25. Rhd1  b5  26. f4  Bb8  27. Bb3  Rxd2+  28. Rxd2  Re8  29. Rd7  Rxe3  30. Rxf7+  Kh6  31. Bd5  Rd3  32. Be6  f5  33. Rb7  Rd8  34. Rxb5  Bc7  35. Rb7  Rd2+  36. Kf1  Rc2  37. b3  Rc6  38. Bd5  Rc5  39. Bc4  a5  40. Ke2  a4  41. Kd3  axb3  42. Bxb3  Rc1  43. Bc4  Rd1+  44. Kc2  Rd7  45. Kb3  Kg7  46. Ka4  Kf6  47. Kb5  Re7  48. Ra7  Bd8  49. Ra6+  Kg7  50. Rd6  Rb7+  51. Kc6  Rb6+  52. Kd5  Rxd6+  53. Kxd6  Kf6  54. Kc6  Ba5   0-1

[Event "2021 FIDE Online Olympiad"]
[Site "Chess.com"]
[Date "2021.09.02"]
[Round "3"]
[Board "2"]
[White "Garcia, Jan Emmanuel"]
[Black "Kaloust, Giorgio"]
[Result "1-0"]
[WhiteElo "2350"]
[BlackElo "1734"]
[PlyCount "73"]
[EventDate "2021.09.02"]
[EventType "team"]
[EventRounds "9"]
[EventCountry "FID"]
[WhiteTeam "Philippines"]
[BlackTeam "Lebanon"]

1. Nf3  d5  2. g3  g6  3. d4  Bg7  4. Bg2  Nf6  5. c4  c6  6. O-O  O-O  7. b3  Bg4  8. Bb2  e6  9. Nbd2  Bxf3  10. Bxf3  Nbd7  11. Qc2  Re8  12. Rad1  Qc7  13. Rfe1  Rad8  14. e3  Nb6  15. a4  Rc8  16. Rc1  Qb8  17. Bc3  Nfd7  18. a5  Na8  19. e4  dxe4  20. Nxe4  Nf6  21. d5  Nxe4  22. Bxg7  Kxg7  23. Qxe4  exd5  24. Qd4+  Kg8  25. cxd5  Qd6  26. Qxa7  cxd5  27. Rxc8  Rxc8  28. Qxb7  Rb8  29. Qxd5  Qxd5  30. Bxd5  Nc7  31. Bc4  Kf8  32. a6  Ra8  33. Ra1  Ke7  34. a7  f6  35. Bf1  Ke6  36. Bg2  Nd5  37. Ra6+   1-0

[Event "2021 FIDE Online Olympiad"]
[Site "Chess.com"]
[Date "2021.09.02"]
[Round "3"]
[Board "3"]
[White "Mouradian, Knarik"]
[Black "Magpily, Francois Marie"]
[Result "0-1"]
[WhiteElo "2148"]
[BlackElo "1808"]
[PlyCount "48"]
[EventDate "2021.09.02"]
[EventType "team"]
[EventRounds "9"]
[EventCountry "FID"]
[WhiteTeam "Lebanon"]
[BlackTeam "Philippines"]

1. e4  e5  2. Bc4  f5  3. exf5  Nf6  4. d3  d5  5. Bb3  Bxf5  6. Bg5  c6  7. Nf3  Bd6  8. Nc3  Nbd7  9. h3  O-O  10. O-O  Qc7  11. Re1  Rae8  12. Ne4  Kh8  13. Nxd6  Qxd6  14. Bh4  e4  15. Bg3  Qb4  16. c3  Qb6  17. Nh4  Be6  18. d4  g5  19. Bd6  Rf7  20. g4  gxh4  21. Kh1  c5  22. dxc5  Nxc5  23. Be5  Nd3  24. Bxf6+  Rxf6   0-1

[Event "2021 FIDE Online Olympiad"]
[Site "Chess.com"]
[Date "2021.09.02"]
[Round "3"]
[Board "4"]
[White "Frayna, Janelle Mae"]
[Black "Nekrasova, Elena"]
[Result "1-0"]
[WhiteElo "2102"]
[BlackElo "1920"]
[PlyCount "83"]
[EventDate "2021.09.02"]
[EventType "team"]
[EventRounds "9"]
[EventCountry "FID"]
[WhiteTeam "Philippines"]
[BlackTeam "Lebanon"]

1. d4  d5  2. c4  e6  3. Nf3  Nf6  4. g3  Be7  5. Bg2  O-O  6. O-O  c6  7. Qc2  b6  8. Nbd2  Bb7  9. e4  dxe4  10. Nxe4  Nxe4  11. Qxe4  Nd7  12. Rd1  Qc8  13. Qe2  Re8  14. Bg5  Nf6  15. c5  bxc5  16. dxc5  Ba6  17. Qc2  Nd5  18. Bxe7  Rxe7  19. Nd4  Rb8  20. a3  Qe8  21. b4  Rd8  22. Qb3  g6  23. Rd2  Bb7  24. Rad1  a6  25. h3  Kg7  26. Qc4  Red7  27. Nb3  e5  28. Qc2  Qe6  29. Na5  Bc8  30. Nc4  Bb7  31. Nd6  Ba8  32. Qc4  a5  33. b5  cxb5  34. Bxd5  Bxd5  35. Qxd5  Qxd5  36. Rxd5  Kf8  37. Rxe5  b4  38. axb4  axb4  39. Rb1  f6  40. Re4  Rc7  41. Rexb4  Rxc5  42. Nb7   1-0

[Event "2021 FIDE Online Olympiad"]
[Site "Chess.com"]
[Date "2021.09.02"]
[Round "3"]
[Board "5"]
[White "Boulos, Carlos"]
[Black "Nouri, Alekhine"]
[Result "1-0"]
[WhiteElo "1991"]
[BlackElo "2082"]
[PlyCount "89"]
[EventDate "2021.09.02"]
[EventType "team"]
[EventRounds "9"]
[EventCountry "FID"]
[WhiteTeam "Lebanon"]
[BlackTeam "Philippines"]

1. e4  c5  2. Nf3  d6  3. Bb5+  Nd7  4. Ba4  Nf6  5. O-O  a6  6. c4  g6  7. Nc3  Bg7  8. d3  O-O  9. Bg5  Rb8  10. Qd2  Ng4  11. Nd5  f6  12. Bf4  Nge5  13. Ne1  b5  14. cxb5  axb5  15. Bc2  Bb7  16. Ne3  Nc6  17. Bg3  Nd4  18. f4  Nxc2  19. N1xc2  f5  20. exf5  gxf5  21. Rab1  Qe8  22. Ne1  Qh5  23. Nf3  h6  24. Kh1  Nf6  25. Qa5  Ng4  26. Nxg4  fxg4  27. Nh4  Bf6  28. Qe1  Bd5  29. f5  Bxh4  30. Bxh4  Rxf5  31. Qxe7  Rbf8  32. Rg1  R8f7  33. Qd8+  Kh7  34. Rbe1  Bxg2+  35. Kxg2  g3  36. hxg3  Qg4  37. Kh2  Qd4  38. Re4  Rf2+  39. Kh3  Qxb2  40. Rh1  Qxa2  41. Rg4  Rf8  42. Qe7+  R2f7  43. Qe4+  Kh8  44. Qg6  Qd2  45. Bf6+   1-0

[Event "2021 FIDE Online Olympiad"]
[Site "Chess.com"]
[Date "2021.09.02"]
[Round "3"]
[Board "6"]
[White "San Diego, Jerlyn Mae"]
[Black "Assoum, Nour"]
[Result "1-0"]
[WhiteElo "1670"]
[BlackElo "1400"]
[PlyCount "89"]
[EventDate "2021.09.02"]
[EventType "team"]
[EventRounds "9"]
[EventCountry "FID"]
[WhiteTeam "Philippines"]
[BlackTeam "Lebanon"]

1. e4  e5  2. Nc3  Nf6  3. Bc4  Bc5  4. d3  d6  5. f4  Bg4  6. Nf3  a5  7. h3  Bxf3  8. Qxf3  Nc6  9. Ne2  a4  10. a3  Na7  11. fxe5  dxe5  12. Qg3  Qe7  13. Bg5  O-O-O  14. Nc3  Qd6  15. O-O-O  b5  16. Nxb5  Nxb5  17. Bxb5  Qb6  18. Bxa4  Bd4  19. c3  Qc5  20. Bc2  Bf2  21. Qf3  Qb6  22. d4  Bxd4  23. cxd4  exd4  24. e5  h6  25. exf6  hxg5  26. fxg7  Rhg8  27. Qxf7  Qh6  28. Bf5+  Kb8  29. Qb3+  Qb6  30. Qxb6+  cxb6  31. h4  Rxg7  32. h5  Rc7+  33. Kb1  Rc5  34. g4  Rcd5  35. h6  Rh8  36. h7  Re5  37. Rxd4  Ree8  38. Rh6  Re1+  39. Ka2  Ka7  40. Rd7+  Kb8  41. Rxb6+  Ka8  42. Rb4  Ree8  43. Rd5  Re7  44. Ra5+  Ra7  45. Be4#   1-0

[Event "2021 FIDE Online Olympiad"]
[Site "Chess.com"]
[Date "2021.09.02"]
[Round "3"]
[Board "1"]
[White "Tin, Jingyao"]
[Black "Rahman, Ziaur"]
[Result "1/2-1/2"]
[WhiteElo "2352"]
[BlackElo "2537"]
[PlyCount "194"]
[EventDate "2021.09.02"]
[EventType "team"]
[EventRounds "9"]
[EventCountry "FID"]
[WhiteTeam "Singapore"]
[BlackTeam "Bangladesh"]

1. d4  d5  2. c4  e6  3. Nf3  Nf6  4. Nc3  c5  5. cxd5  Nxd5  6. e4  Nxc3  7. bxc3  cxd4  8. cxd4  Bb4+  9. Bd2  Bxd2+  10. Qxd2  O-O  11. Bc4  Nd7  12. O-O  b6  13. e5  Bb7  14. Qf4  Rc8  15. Rac1  Qe7  16. Ng5  h6  17. Ne4  Bxe4  18. Qxe4  Rfd8  19. h4  Qa3  20. Rc2  Nf8  21. Rd1  Qb4  22. Bb3  Rxc2  23. Bxc2  a5  24. g3  a4  25. d5  Qxe4  26. Bxe4  exd5  27. Rxd5  Rc8  28. Rb5  Rc1+  29. Kg2  Re1  30. Bc2  Re2  31. Bxa4  Rxa2  32. Bb3  Ra5  33. Rxb6  Rxe5  34. Rb7  Rf5  35. g4  Rf6  36. Kg3  g5  37. hxg5  hxg5  38. Rb5  Nh7  39. Bc2  Rc6  40. Bxh7+  Kxh7  41. Rxg5  Rc3+  42. f3  Ra3  43. Kf4  Rb3  44. Ke4  Ra3  45. f4  Ra1  46. Rd5  Kg7  47. Kf5  Ra4  48. Kg5  Ra1  49. Rb5  Rf1  50. Rb7  Ra1  51. Rb5  Ra6  52. f5  Rc6  53. Ra5  Rb6  54. Ra4  Rc6  55. Rf4  Rc5  56. Rf3  Ra5  57. Re3  Ra6  58. Re7  Rb6  59. Kf4  Rb4+  60. Re4  Rb1  61. Rd4  Ra1  62. Kg5  Ra6  63. Kf4  Ra1  64. Rd6  Ra4+  65. Kg5  Ra5  66. Rd3  Ra6  67. Rc3  Rb6  68. Rc4  Ra6  69. Kf4  Ra1  70. g5  Rf1+  71. Kg4  Rg1+  72. Kh5  Rf1  73. f6+  Kh7  74. Rb4  Rg1  75. Rg4  Rf1  76. Rh4  Rg1  77. Rh3  Rg2  78. Rh1  Rg3  79. Ra1  Rg2  80. Rh1  Rg3  81. Rb1  Rg2  82. Rb8  Rh2+  83. Kg4  Rg2+  84. Kf4  Rf2+  85. Kg3  Rf1  86. Rf8  Kg6  87. Rg8+  Kf5  88. Rg7  Ke6  89. Kg4  Rg1+  90. Kf4  Rf1+  91. Ke4  Re1+  92. Kd4  Rd1+  93. Kc5  Rc1+  94. Kb6  Kf5  95. Rxf7  Kxg5  96. Rf8  Kg6  97. f7  Kg7   1/2-1/2

[Event "2021 FIDE Online Olympiad"]
[Site "Chess.com"]
[Date "2021.09.02"]
[Round "3"]
[Board "2"]
[White "Reefat, Bin-Sattar"]
[Black "Liu, Xiangyi"]
[Result "1/2-1/2"]
[WhiteElo "2415"]
[BlackElo "2178"]
[PlyCount "228"]
[EventDate "2021.09.02"]
[EventType "team"]
[EventRounds "9"]
[EventCountry "FID"]
[WhiteTeam "Bangladesh"]
[BlackTeam "Singapore"]

1. e4  e6  2. d4  d5  3. e5  c5  4. c3  Nc6  5. Nf3  Qb6  6. a3  c4  7. Nbd2  Na5  8. g3  Bd7  9. h4  Ne7  10. Bh3  Nc8  11. O-O  Qc7  12. Rb1  Nb6  13. Qe2  Ba4  14. Ne1  O-O-O  15. Ndf3  h6  16. Be3  Be7  17. Nh2  Kb8  18. f4  g6  19. h5  Rdg8  20. hxg6  Rxg6  21. Rf3  Rhg8  22. Bf2  Bd7  23. Ng2  Qc8  24. Rf1  Nc6  25. Ne3  h5  26. Kh1  f5  27. exf6  Bxf6  28. f5  Rg5  29. Nxc4  exf5  30. Nd6  Qc7  31. Be3  Qxd6  32. Bf4  Nc8  33. Re3  Rxg3  34. Bxd6+  Nxd6  35. Rxg3  Rxg3  36. Rf3  Rg5  37. Nf1  Ne4  38. Qh2+  Kc8  39. Ne3  Ne7  40. Ng2  Ng6  41. Nf4  Nxf4  42. Qxf4  Be6  43. c4  dxc4  44. Qxe4  fxe4  45. Bxe6+  Kd8  46. Rxf6  Ke7  47. Rh6  b5  48. Bh3  Rg3  49. Kh2  Rb3  50. Re6+  Kf7  51. Rxe4  Rxb2+  52. Kg3  c3  53. Re5  Rd2  54. Rxb5  Rxd4  55. Rc5  c2  56. Bf5  Ra4  57. Bxc2  Rxa3+  58. Kh4  Ke6  59. Kxh5  Kd6  60. Rc8  Rg3  61. Kh4  Rg7  62. Bf5  Ke5  63. Bg4  Kf4  64. Rc4+  Ke3  65. Kg3  Kd3  66. Ra4  Rf7  67. Ra5  Kc3  68. Bf3  Kb4  69. Ra6  Kb5  70. Ra1  a5  71. Kf2  Re7  72. Be2+  Kb4  73. Ke1  a4  74. Kd2  Rd7+  75. Bd3  Ra7  76. Rb1+  Kc5  77. Kc3  a3  78. Ra1  a2  79. Bc4  Ra3+  80. Bb3  Kb5  81. Kb2  Kb4  82. Bxa2  Rh3  83. Rg1  Rh2+  84. Kb1  Kc3  85. Rg3+  Kb4  86. Bd5  Rf2  87. Be4  Re2  88. Bc2  Re7  89. Kb2  Kc4  90. Rg4+  Kc5  91. Kc3  Re5  92. Be4  Rh5  93. Rg6  Rh3+  94. Bd3  Rh4  95. Rg5+  Kd6  96. Bc4  Rh3+  97. Kb4  Rh4  98. Rg6+  Ke5  99. Kc5  Rh5  100. Bd5  Rh2  101. Re6+  Kf5  102. Re1  Rc2+  103. Kd6  Rf2  104. Re8  Kf4  105. Re4+  Kf5  106. Re7  Rd2  107. Rf7+  Kg6  108. Rf1  Re2  109. Be6  Kg5  110. Ke7  Re3  111. Kf7  Re4  112. Rf5+  Kg4  113. Kf6  Rf4  114. Rxf4+  Kxf4   1/2-1/2

[Event "2021 FIDE Online Olympiad"]
[Site "Chess.com"]
[Date "2021.09.02"]
[Round "3"]
[Board "3"]
[White "Gong, Qianyun"]
[Black "Sultana, Sharmin Shirin"]
[Result "0-1"]
[WhiteElo "2322"]
[BlackElo "2084"]
[PlyCount "108"]
[EventDate "2021.09.02"]
[EventType "team"]
[EventRounds "9"]
[EventCountry "FID"]
[WhiteTeam "Singapore"]
[BlackTeam "Bangladesh"]

1. e4  c5  2. Nf3  e6  3. b3  Nc6  4. Bb2  a6  5. Be2  d6  6. d4  cxd4  7. Nxd4  Nf6  8. Nxc6  bxc6  9. e5  Nd5  10. O-O  Bb7  11. c4  Nf4  12. Bf3  d5  13. Qd4  Ng6  14. c5  a5  15. Re1  Be7  16. Nc3  O-O  17. Bg4  Ba6  18. Na4  Rb8  19. Bc3  Bb5  20. g3  Qc7  21. Rac1  Qa7  22. Bd2  Rb7  23. Nb6  Bxc5  24. Rxc5  Qxb6  25. a4  Ba6  26. Re3  Qa7  27. Bxa5  Rfb8  28. b4  Ne7  29. h4  h6  30. Rec3  Bc4  31. h5  Qa6  32. Qd2  Qa7  33. Be2  Bxe2  34. Qxe2  d4  35. R3c4  Rd7  36. Qd3  Qa6  37. Kg2  g6  38. hxg6  fxg6  39. Qd2  Kg7  40. Rxd4  Rd5  41. Qc3  Rf8  42. Rdxd5  Nxd5  43. Qd2  Qa7  44. Qd4  Qa6  45. Qd2  Qb7  46. Rc2  Qf7  47. Qe2  Qf5  48. Rxc6  Qg5  49. Kh2  Nf4  50. gxf4  Rxf4  51. Rc4  Qh4+  52. Kg2  Rxc4  53. Bd8  Rg4+  54. Kf3  Qh3#   0-1

[Event "2021 FIDE Online Olympiad"]
[Site "Chess.com"]
[Date "2021.09.02"]
[Round "3"]
[Board "4"]
[White "Parveen, Tanima"]
[Black "Liu, Yang Hazel"]
[Result "1/2-1/2"]
[WhiteElo "1987"]
[BlackElo "2065"]
[PlyCount "55"]
[EventDate "2021.09.02"]
[EventType "team"]
[EventRounds "9"]
[EventCountry "FID"]
[WhiteTeam "Bangladesh"]
[BlackTeam "Singapore"]

1. e4  c5  2. c3  d5  3. exd5  Qxd5  4. d4  Nf6  5. Nf3  e6  6. Be2  Nc6  7. O-O  Be7  8. Be3  cxd4  9. cxd4  O-O  10. Nc3  Qa5  11. a3  Rd8  12. b4  Qc7  13. Qb3  b6  14. Rac1  Bb7  15. h3  Rac8  16. Rfd1  Qb8  17. Bc4  Rf8  18. d5  exd5  19. Nxd5  Nxd5  20. Bxd5  Bf6  21. Bg5  Bxg5  22. Nxg5  Nd8  23. Qd3  g6  24. Ne4  Rxc1  25. Rxc1  Bxd5  26. Qxd5  Qf4  27. Rc8  Ne6  28. Qc6   1/2-1/2